000 00744nam a2200265Ia 4500
003 OSt
005 20221006144011.0
006 a|||||r|||| 00| 0
007 ta
008 221006b |||||||| |||| 00| 0 eng d
020 _cP3.50
024 _a10,618
037 _cTextual
040 _aEASL
_cEASL
_beng
041 _2eng
_aeng
082 _aW691xH490c5, L8
100 _aMANDEL Ernest
245 0 _aFrom stalinism to Eurocommunism
_b The bitter fruits of ' Socialism in one country '
260 _aLondon
_bNLB
_c1978
300 _a223p.
_ccm.
490 _v Oth
700 _a ROTHSCHILD Jon Tr.
942 _hW691xH490c5, L8
_cTEXL
_2CC
999 _c1078704
_d1078704